Calcul infinitesimal

Saved in:
Bibliographic Details
Main Author: Dieudonne, Jean Alexandre 1906-
Format: Book
Language:French
Published: Paris : Hermann, c1980
Edition:2. ed. rev. et corr
Series:Collection Methodes
Subjects:
Tags: Add Tag
No Tags, Be the first to tag this record!

MARC

LEADER 00000nam a2200000 i 4500
001 1/57308
008 941103s1980 fre d
020 |a 2705659072  |c 110F 
035 |l 10045717 
035 |a 1993  |c ΜΥΡΙΤΖΗΣ 
040 |a GR-MY-UA  |b gre  |e aacr 
041 0 |a fre 
082 0 |a 515  |2 (19) 
100 1 |a Dieudonne, Jean Alexandre  |d 1906- 
245 1 0 |a Calcul infinitesimal /  |c Jean Dieudonne 
250 |a 2. ed. rev. et corr 
260 |a Paris :   |b Hermann,   |c c1980 
300 |a 479 p.;  |c 22 cm 
490 1 |a Collection Methodes 
500 |a Includes index 
504 |a Bibliography: p. [472]-473 
650 0 0 |a Calculus. 
830 0 |a Collection Methodes 
852 |a INST  |b SAMOS  |e 19941103  |h 515 DIE  |p 005300002651  |q 005300002651  |t BK  |y 0 
909 |a Σ  |b 032710